| 000 | 00610nam a2200205Ia 4500 | ||
|---|---|---|---|
| 005 | 20251020182544.0 | ||
| 008 | 200515s9999 xx 000 0 und d | ||
| 082 | _a747/W72 | ||
| 100 | _aWILKINS, Tony | ||
| 245 | 0 | _aDecoración en el hogar | |
| 260 | _aBarcelona | ||
| 260 | _c1986 | ||
| 300 | _a107 | ||
| 500 | _a1 ejemplar | ||
| 520 | _aSugerencias para la decoración del hogar, el uso de pinturas, papeles de decoración, arreglo de pisos y diversos consejos en la reparación de paredes interiores como exteriores | ||
| 650 | _aDECORACION | ||
| 650 | _aLIB | ||
| 650 | _aPINTURA | ||
| 942 | _cLIB | ||
| 999 |
_c2503 _d2503 |
||